"Aula Natural" : arquitectura para el turismo y la investigación en el Parque Ambiental Municipal Río Loro
में बचाया:
| मुख्य लेखक: | |
|---|---|
| अन्य लेखक: | |
| स्वरूप: | पुस्तक |
| भाषा: | Spanish |
| प्रकाशित: |
[San José, Costa Rica]
2020
|
| विषय: | |
| टैग: |
टैग जोड़ें
कोई टैग नहीं, इस रिकॉर्ड को टैग करने वाले पहले व्यक्ति बनें!
|
MARC
| LEADER | 00000nam a2200000Ia 4500 | ||
|---|---|---|---|
| 003 | 013478 | ||
| 005 | 20230331091116.0 | ||
| 008 | 140116s2020 cr a 000 ||spa d | ||
| 040 | |c cru CEDI | ||
| 100 | |a Díaz Rodríguez, Alejandra, 1994- |9 275 | ||
| 245 | |a "Aula Natural" : arquitectura para el turismo y la investigación en el Parque Ambiental Municipal Río Loro | ||
| 260 | |a [San José, Costa Rica] |c 2020 | ||
| 500 | |a Proyecto de graduación (licenciatura en arquitectura)--Universidad de Costa Rica. Facultad de Ingeniería. Escuela de Arquitectura | ||
| 501 | |a Directora del Proyecto de Graduación: Mag. Viviana Paniagua Hernández | ||
| 650 | |x ARQUITECTURA Y TURISMO - CARTAGO (COSTA RICA) |x ARQUITECTURA - ASPECTOS AMBIENTALES |x ARQUITECTURA SOSTENIBLE |x BIOMIMETICA |x PARQUE AMBIENTAL MUNICIPAL RIO LORO (CARTAGO, COSTA RICA) | ||
| 700 | |9 276 |a Paniagua Hernández, Viviana,1981- |d Directora del TFG | ||
| 942 | |c CEDI |h TFG 8629 |6 TFG_8629_000000000000000 | ||
| 999 | |c 21980 |d 21980 | ||
